000 00308nam a2200121Ia 4500
008 190216s9999||||xx |||||||||||||| ||und||
100 _aEric E Conn & Stumpf P K
245 0 _aOutlines Of Biochemistry
260 _bWiley Eastern Ltd
_c1975
300 _a629p
650 _aChemistry-Chemistry
942 _cBK
999 _c2797
_d2797